| 000 | 01251nam a2200241Ii 4500 | ||
|---|---|---|---|
| 003 | JO-AjNU | ||
| 005 | 20240624111908.0 | ||
| 008 | 230605s9999||||xx |||||||||||||| ||und|| | ||
| 040 |
_aJO-AjNU _bara _erda _cJO-AjNU |
||
| 041 | _aara | ||
| 050 | 1 | 4 | _aBP173.758 2022 |
| 100 | 1 |
_aخريسات، سارة محمد ناصر _eمعد _965535 |
|
| 245 | 0 | 0 |
_aاثر القيم الإسلامية في تعزيز الميزة التنافسيه في المصارف الإسلامية الأردنية =The impact of islamic Values on Enhancing Competitive Advantage for jordanian Islamc Banks _cاعداد سارة محمد ناصر خريسات ؛ إشراف محمد عبدالكريم المومني |
| 260 | _c2022 | ||
| 300 | _a90ورقة | ||
| 336 |
_atext _btxt _2rdacontent |
||
| 337 |
_aunmediated _bn _2rdamedia |
||
| 338 |
_avolume _bnc _2rdacarrier |
||
| 500 | _aرسالة جامعية(اطروحة ماجستير) جامعة عجلون الوطنية، كلية ادارة الاعمال، تخصص المصارف الإسلامية، 2022 | ||
| 650 | 4 |
_aالمصارف الاسلامية - الميزة التنافسية-الاردن _962606 |
|
| 700 | 1 |
_aالمومني، محمد عبدالكريم _965206 _eمشرف |
|
| 942 |
_2lcc _cTHS |
||
| 999 |
_c31925 _d31925 |
||